00400nam a2200133 a 450000500170000000800410001702000140005805000210007210000200009324500630011326000560017630000220023265000120025420140310183205.0030204s19uu xx 00 eng d a425032302 aPZ 7b.L884 1976 aLottman, Eileen aThe Bionic woman :bwelcome home, Jaime /cEileen Lottman. aNew York ;bBerkley Publishing Corporotion, c1976. a151 p. :c17 cm.  aFiction